LEADER 00974nam a2200217 u 4500 001 000000065381 003 CaOOAMICUS 005 20070226121447.0 008 011205s1861 it u000 u ita u 035 $a10912882 040 $aPUL(R)$bita 100 1 $aChiarolanza, Annibale.$0(OLS)http://pul/name/44043 245 10$aElementi di filosofia speculativa secondo le dottrine di Vincenzo Gioberti /$cper Annibale Chiarolanza. 260 $aNapoli :$bDalla Tipografia Altimari,$c1861. 300 $a2 v. ;$c22 cm 600 14$aGioberti, Vincenzo,$d1801-1852.$0(OLS)http://pul/subject/7399 850 $aPUL 852 $aPUL$W1$xDP1 Antico 800$y27$m93 F 19$j84668$nBK-PRI$b $qStampati Antico$B84668$CPULBib$Z2$F84668 $H $81 941 1 $a15 996 $6245$aElementi di filosofia speculativa secondo le dottrine di Vincenzo Gioberti$9(OLS)http://pul/title/86978 996 $6260$aNapoli :$bDalla Tipografia Altimari$9(OLS)http://pul/publisher/71135 LEADER 01003nam a2200241 u 4500 001 000000104972 003 CaOOAMICUS 005 20070511134259.0 008 070511s1976 it u000 u ita u 040 $aPUL$bita$dLDB 100 1 $aTasso, Torquato,$d1544-1595.$0(OLS)http://pul/name/10053 245 10$aGerusalemme liberata /$cTorquato Tasso; a cura di Lanfranco Caretti. 260 $aMilano :$bMondadori,$c1976. 300 $alxii,808 p. ;$c17 cm 490 1 $aI Meridiani collezione ;$v63 500 $aIndici: p. [789]-808- 700 1 $aCaretti, Lanfranco,$d1915-1995.$0(OLS)http://pul/name/56868 830 2$aI Meridiani collezione ;$v63.$0(OLS)http://pul/title/132027 850 $aPUL 852 $aPUL$W1$xSL Cons. Gen., Altre Classi 3$y75$m850 COLL 2.63$j117573$qDDC 21$B117516$CPULBib$Z2$F117516 $H103130 $82 941 1 $a9 996 $6245$aGerusalemme liberata$9(OLS)http://pul/title/132031 996 $6260$aMilano :$bMondadori$9(OLS)http://pul/publisher/50297